书目信息 |
| 题名: |
多边文化研究
|
|
| 作者: | ;北京大学 编 | |
| 分册: | 第三卷 | |
| 出版信息: | 北京 北京大学出版社 2005 |
|
| 页数: | 491页 | |
| 开本: | 21cm | |
| 丛书名: | ||
| 单 册: | ||
| 中图分类: | I0-03 , G04-53 , G04 | |
| 科图分类: | ||
| 主题词: | 比较文学--文集 , 比较文化--文集 , 传统文化 , 现代文化 , 传统文化--关系--现代文化 | |
| 电子资源: | ||
| ISBN: | 7-301-08730-6 | |
| 000 | 01247n|m0 2200313 450 | |
| 001 | 1536665851 | |
| 005 | 20150201105529.29 | |
| 010 | @a7-301-08730-6@dCNY32.00 | |
| 100 | @a20050508d2005 emky0chiy50 ea | |
| 101 | 0 | @achi@eeng |
| 102 | @aCN@b110000 | |
| 105 | @ay z 000yy | |
| 200 | 1 | @a多边文化研究@9duo bian wen hua yan jiu@h第三卷@e北京大学比较文学与比较文化研究所学术纪要@f北京大学比较文学与比较文化研究所编 |
| 210 | @a北京@c北京大学出版社@d2005 | |
| 215 | @a491页@d21cm | |
| 330 | @a本书是比较文学文集,收录文章有《无可奈何花落去,重新书写的胜利》、《比较文化研究著作序文六篇》、《作为哲学家的庄子》等二十余篇。 | |
| 510 | 1 | @aStudies of Multiculture@eAnnals of Institute of Comparative Literature and Culture Peking University@hVolume 3@zeng |
| 517 | 1 | @a北京大学比较文学与比较文化研究所学术纪要@9bei jing da xue bi jiao wen xue yu bi jiao wen hua yan jiu suo xue shu ji yao |
| 606 | 0 | @a比较文学@j文集 |
| 606 | 0 | @a比较文化@j文集 |
| 606 | 0 | @a传统文化 |
| 606 | 0 | @a现代文化 |
| 606 | 0 | @a传统文化@x关系@x现代文化 |
| 690 | @aI0-03@v5 | |
| 690 | @aG04-53@v5 | |
| 690 | @aG04@v4 | |
| 711 | 02 | @a北京大学@9bei jing da xue@b比较文学与比较文化研究所@4编 |
| 801 | 0 | @aCN@bTSSF@c20150201 |
| 905 | @aZUCC@dG04@eJY26:3 | |
| 多边文化研究.第三卷:北京大学比较文学与比较文化研究所学术纪要/北京大学比较文学与比较文化研究所编.-北京:北京大学出版社,2005 |
| 491页;21cm |
| ISBN 7-301-08730-6:CNY32.00 |
| 本书是比较文学文集,收录文章有《无可奈何花落去,重新书写的胜利》、《比较文化研究著作序文六篇》、《作为哲学家的庄子》等二十余篇。 |
| ● |
| 相关链接 |
|
|
|
|
正题名:多边文化研究
索取号:G04/JY26:3
 
预约/预借
| 序号 | 登录号 | 条形码 | 馆藏地/架位号 | 状态 | 备注 |
| 1 | 7857361 | 278573615 | 学院路分馆/ [索取号:G04/JY26:3] | 在馆 | |
| 2 | 7859842 | 278598420 | 学院路分馆/ [索取号:G04/JY26:3] | 在馆 |